000 00844nam a2200265Ia 4500
003 OSt
005 20230904094935.0
008 210716s1978 xx 000 0 und d
020 _a0138031487
040 _cAIMIT LIBRARY
041 _aeng
082 _a371.425
_21
_bKOTJ
100 _aKotter, John P.
_9132462
245 _aSelf assessment and career development /
_cBy John P Kotter, Victor A Faux and Charles McArthur.
250 _a1st ed.
260 _aNew Jersey :
_bPrentice Hall ,
_c1978.
300 _avii,336p. ;
_bPB
_c27.5 cm.
650 _aNone
_9132463
651 _aThe self- assessment processes.
_9132464
651 _aIdentifying themes.
_9132465
651 _aLife- style respresentations
_9132466
700 _aFoux, Victor A.
_9132467
700 _aMcarthur, Charles.
_9132468
942 _2ddc
_cBK
_e1st
_k371.425 KOTJ
999 _c200041
_d200041